MARC

LEADER 00000nam0a2200000 4500
001 76598
005 20231031091806.0
035 |a (RuTPU)RU\TPU\book\82101 
090 |a 76598 
100 |a 20050426d1966 km y0rusy50 ca 
101 0 |a rus 
102 |a RU 
105 |a a g 001zy 
200 1 |a Справочник по новым радиоизмерительным приборам  |f Г. П. Шкурин 
210 |a Москва  |c Военное изд-во  |d 1966 
215 |a 359 с.  |c ил.  |e схем. 
610 1 |a радиоизмерительные приборы 
610 1 |a измерительная аппаратура 
610 1 |a измерительные усилители 
610 1 |a измерительные генераторы 
610 1 |a аттенюаторы 
610 1 |a осциллографы 
610 1 |a вольтметры 
610 1 |a справочники 
675 |a 621.396.081(035)  |v 3 
700 1 |a Шкурин  |b Г. П.  |g Григорий Павлович 
801 1 |a RU  |b 63413507  |c 20050426  |g PSBO 
801 2 |a RU  |b 63413507  |c 20220412  |g PSBO 
942 |c BK